Word Ladder: Gospel Writers Quiz Stats

 Plays Quiz Updated Apr 7, 2020

Support Sporcle.
Go Orange.
Score 0/14 Timer 01:00
1 Play Today
Clue 4-Letter Word % Correct
Opposite of lightDARK
98.1%
Truth or _______DARE
97%
Behind scheduleLATE
96%
Large inland body of waterLAKE
95.4%
June 15, 1982, for exampleDATE
93.9%
✞ Gospel Writer ✞MARK
93.8%
Coin-operated music machine is called a _____boxJUKE
93%
Clue 4-Letter Word % Correct
The Simpsons, 'Kwik-E- _____'MART
92.7%
✞ Gospel Writer ✞LUKE
92.6%
Something said to arouse laughterJOKE
91.2%
To become a memberJOIN
87.9%
✞ Gospel Writer ✞JOHN
82.5%
Joy, in FrenchJOIE
77.2%
✞ Gospel Writer ✞ (Shortened form)MATT
74.3%

Today's Daily Dose

You're not logged in!

Compare scores with friends on all Sporcle quizzes.
OR
Log In

From the Vault

Find the van Gogh Paintings

by timmylemoine1

Someday Nintendo will make his work a runaway game for your mobile phone called Pokémon Gogh.
Remove Ads.
Support Sporcle.
Get the best of Sporcle when you Go Orange. This ad-free experience offers more features, more stats, and more fun while also helping to support Sporcle. Thank you for becoming a member.

Show Comments

Extras

Top Quizzes Today


Score Distribution

Your Account Isn't Verified!

In order to create a playlist on Sporcle, you need to verify the email address you used during registration. Go to your Sporcle Settings to finish the process.

Report this User

Report this user for behavior that violates our Community Guidelines.

Details: